Statistieken voor NAVO spellingsalfabet

Klik hier om de quiz te nemen!

Algemene statistieken

  • Deze quiz is 2.339 keer genomen
  • De gemiddelde score is 14 van 26

Antwoordstatistieken

LetterCode% Correct
AAlfa
97%
DDelta
80%
CCharlie
79%
BBravo
78%
FFoxtrot
68%
EEcho
64%
LLima
56%
TTango
55%
PPapa
55%
ZZulu
55%
KKilo
54%
IIndia
53%
HHotel
53%
XXray
51%
RRomeo
47%
GGolf
45%
WWhiskey
45%
JJuliet
44%
YYankee
44%
SSierra
43%
OOscar
42%
QQuebec
42%
VVictor
41%
NNovember
40%
MMike
39%
UUniform
38%

Scoreverdeling

Percentiel versus Aantal Correcte Antwoorden

Procent van Mensen met Elke Score

Uw Scoregeschiedenis

U heeft deze quiz nog niet genomen